000 00674nam a22002057a 4500
005 20241206142019.0
008 241206b ||||| |||| 00| 0 eng d
020 _a9780199494286
040 _cAL
041 _aEnglish
082 _223
_a379.26
_bPRAR
100 _aFlorian Matthey Prakash
_9188335
245 _aRight to Education in India
_b:The Importance of enforceability of a fundamental right
260 _aNew Delhi
_bOxford university press
_c2019
300 _a446 p.
_bHB
_c22x14 cm.
365 _a1060
_b₹1091.35
_c
_d₹1495.00
_e27%
_f28-11-2024
650 _afundamental right
_9188336
700 _aPRAKASH (Florian Matthey)
_9188337
942 _2ddc
_cREF
999 _c232214
_d232214